=LDR 00000nam 2200000 4500 =001 INLIS000000000036881 =005 20150303114738.0 =006 =007 =008 Ind =035 ##$$0010-061300000036881 =041 ##$$a Ind =082 ##$$a 813 =090 ##$$a 813, Tow h =100 ##$$a Townley, Gemma =245 ##$$a The hopeless romantic's handbook, panduan untuk si romantis kronis, Gemma Townly ; alih bahasa Murkinanti Larakusuma =260 ##$$a 2011 $b Jakarta =300 ##$$a 416 hlm, 18 cm =650 ##$$a Fiksi Indonesia-terjemahan =850 ##$$a NBPNMAT =990 ##$$a 0001/BPAP-NTB/20142015 =990 ##$$a 0001/BPAP-NTB/20142015 =990 ##$$a 2090100976/BPAP-NTB/2015 =990 ##$$a 0001/BPAP-NTB/2015 =990 ##$$a 0001/BPAP-NTB/2015